Statistics for Words of the Star-Spangled Banner in Alphabetical Order

Click here to take the quiz!

General Stats

  • This quiz has been taken 27 times
  • The average score is 20 of 60

Answer Stats

Lyrics # % Correct
and4
88%
at
75%
the12
75%
by
63%
air
63%
say2
63%
early
50%
flag
50%
that2
50%
twilight's
50%
oh2
50%
bright
50%
can
50%
broad
50%
was
38%
we 2
38%
night
38%
banner
38%
dawn's
38%
there
38%
through2
38%
hailed
38%
whose
38%
stars
38%
bombs
38%
fight
38%
gleaming
38%
does
38%
bursting
38%
still
25%
streaming
25%
stripes
25%
wave
25%
yet
25%
you
25%
what
25%
were
25%
so 2
25%
watched
25%
ramparts
25%
in
25%
see
25%
glare
25%
gave
25%
gallantly
25%
over (o'er) 2
25%
our
25%
proudly
25%
rockets'
25%
red
25%
perilous
13%
star-spangled
13%
last
13%
proof
13%
light
13%
of 2
13%
brave
13%
free
0%
land
0%
home
0%

Score Distribution

Percentile by Number Answered

Percent of People with Each Score

Your Score History

You have not taken this quiz